| 000 | 01180nam a2200265 a 4500 | ||
|---|---|---|---|
| 001 | 000021692 | ||
| 003 | DO-SdBNP | ||
| 005 | 20240619100749.0 | ||
| 008 | 100910s1996 dr a 000 0 spa d | ||
| 040 |
_aDO-SdBNP _bspa _cBNPHU |
||
| 082 |
_a211.4 _bP715o |
||
| 245 | 0 | 3 | _aLa plasmación del orden divino en la tierra. |
| 246 | 1 | 3 | _aAsthar - Samana - Rael |
| 260 |
_aSanto Domingo : _bIrmgard Radefeldt de Villegas, _c1996. |
||
| 300 |
_a147 p. : _bil. ; _c19 cm. |
||
| 505 | 0 |
_tLa venida de Cristo nuestro señor -- _tJesús figura del amor: infancia de Jesús -- _tInfancia y juventud del Divino Maestro -- _tLa vida pública del divino maestro -- _tPasión y muerte del Divino Señor Redentor del Mundo-Jesús -- _tTarea divina del Señor Samana -- _tEl Sacrificio -- _tAsthar -- _tRael -- _tOmma "El Señor Guardián de la Fe" -- _tOmha "El poder y la fuerza de la seguridad" _tOmla, "Señor del Amor Universal ". |
|
| 590 | _aInventariado, 2018/BT | ||
| 650 | 4 |
_aLibrepensamiento _945120 |
|
| 650 | 4 |
_aRacionalismo _934112 |
|
| 700 | 1 |
_aAsthar _945121 |
|
| 700 |
_aSamana _945122 |
||
| 700 | 1 |
_aRael _945123 |
|
| 910 | _aValidado. Control de calidad. EMS | ||
| 942 |
_2ddc _cLBS1 |
||
| 999 |
_c21191 _d21191 |
||